Daňová sústava a fiškálna decentralizácia

Fiškálna decentralizácia ako modifikácia rozdeľovania daňových príjmov medzi štát a územnú samosprávu. Prínos - konsolidácia verejných financií a racionalizácia výdavkov verejného sektora. 2 etapy decentralizácie financií. Originálne dane, podielové dane, dotácie.

Salvato in:
Dettagli Bibliografici
Autore principale: Žárska, Elena, 1955-
Natura: Capitolo di libro
Lingua:slovacco
Soggetti:
Tags: Aggiungi Tag
Nessun Tag, puoi essere il primo ad aggiungerne!!

MARC

LEADER 00000naa$a2200000$$$4500
001 0005490
005 20221128120925.9
041 0 |a slo 
044 |a SK 
245 1 0 |a Daňová sústava a fiškálna decentralizácia  |c aut. Elena Žárska 
520 |a Fiškálna decentralizácia ako modifikácia rozdeľovania daňových príjmov medzi štát a územnú samosprávu. Prínos - konsolidácia verejných financií a racionalizácia výdavkov verejného sektora. 2 etapy decentralizácie financií. Originálne dane, podielové dane, dotácie. 
610 2 0 |a sústava daňová 
610 2 0 |a decentralizácia 
610 2 0 |a financie verejné 
610 2 0 |a sektor verejný 
100 1 |a Žárska, Elena, 1955-